[Event "Main Vogelsberg op 4th"]
[Site "Heusenstamm"]
[Date "2009.05.02"]
[Round "4"]
[White "Koethnig, Kevin"]
[Black "Bajorski, Leszek"]
[Result "0-1"]
[WhiteElo "1067"]
[BlackElo "1796"]
[PlyCount "74"]
[EventDate "2009.04.30"]
[EventType "swiss"]
[EventRounds "7"]
[EventCountry "GER"]
[SourceTitle "CBM 130 Extra"]
[Source "ChessBase"]
[SourceDate "2009.07.02"]
[SourceVersion "2"]
[SourceVersionDate "2009.07.15"]
[SourceQuality "1"]

1. e4 c5 2. Nf3 e6 3. d4 cxd4 4. Nxd4 a6 5. Nc3 Qc7 6. Bd3 Nf6 7. Qe2 d6 8. Bg5 Be7 9. f4 Nbd7 10. Nf3 e5 11. f5 b5 12. a3 Bb7 13. 0-0-0 0-0 14. g4 d5 15. exd5 Nxd5 16. Nxd5 Bxg5+ 17. Nxg5 Bxd5 18. Be4 Bxe4 19. Nxe4 Nc5 20. h4 Rfd8 21. g5 Nb3+ 22. Kb1 Nd4 23. Qf2 a5 24. f6 Qc6 25. Rde1 b4 26. Rh3 Rac8 27. c3 Qe6 28. Reh1 Nb3 29. Rg3 bxa3 30. bxa3 Rb8 31. Kc2 Nc5 32. Nd2 Qa2+ 33. Kd1 Rb1+ 34. Ke2 Rxd2+ 35. Kf3 Rxf2+ 36. Kg4 Qe2+ 37. Kh3 Rxh1# 0-1